Влияние ультрадисперсных порошков TiO2, TrO2 и криолита на упрочнение высокохромистого чугуна; Известия РАН. Серия физическая; Т. 80, № 11
| Parent link: | Известия РАН. Серия физическая/ Российская академия наук (РАН).— , 1936- Т. 80, № 11.— 2016.— [С. 1483-1487] |
|---|---|
| Ente Autore: | |
| Altri autori: | , , , |
| Riassunto: | Заглавие с экрана Представлены результаты исследования импульсной плазменно-иммерсионной ионной имплантации из дуговой плазмы алюминия в титан ВТ1-0. Показано, что изменения элементного и фазового состава поверхностных слоев, их микроскопических характеристик и механических свойств в зависимости от времени имплантации не монотонны, но имеют определенную зависимость. Обсуждается возможность интерпретации полученных данных с точки зрения модификации поверхности металлическими кластерами с числом атомов 100 и более, образующимися в газе атомов металла, испаряющихся из катодных пятен. Режим доступа: по договору с организацией-держателем ресурса |
| Lingua: | russo |
| Pubblicazione: |
2016
|
| Soggetti: | |
| Accesso online: | http://dx.doi.org/10.7868/S0367676516110351 |
| Natura: | MixedMaterials Elettronico Capitolo di libro |
| KOHA link: | https://koha.lib.tpu.ru/cgi-bin/koha/opac-detail.pl?biblionumber=652110 |
MARC
| LEADER | 00000naa0a2200000 4500 | ||
|---|---|---|---|
| 001 | 652110 | ||
| 005 | 20250327084435.0 | ||
| 035 | |a (RuTPU)RU\TPU\network\17373 | ||
| 090 | |a 652110 | ||
| 100 | |a 20161201d2016 k||y0rusy50 ca | ||
| 101 | 0 | |a rus | |
| 102 | |a RU | ||
| 135 | |a drcn ---uucaa | ||
| 181 | 0 | |a i | |
| 182 | 0 | |a b | |
| 200 | 1 | |a Влияние ультрадисперсных порошков TiO2, TrO2 и криолита на упрочнение высокохромистого чугуна |f А. П. Зыкова [и др.] | |
| 203 | |a Текст |c электронный | ||
| 300 | |a Заглавие с экрана | ||
| 320 | |a [Библиогр.: 7 назв.] | ||
| 330 | |a Представлены результаты исследования импульсной плазменно-иммерсионной ионной имплантации из дуговой плазмы алюминия в титан ВТ1-0. Показано, что изменения элементного и фазового состава поверхностных слоев, их микроскопических характеристик и механических свойств в зависимости от времени имплантации не монотонны, но имеют определенную зависимость. Обсуждается возможность интерпретации полученных данных с точки зрения модификации поверхности металлическими кластерами с числом атомов 100 и более, образующимися в газе атомов металла, испаряющихся из катодных пятен. | ||
| 333 | |a Режим доступа: по договору с организацией-держателем ресурса | ||
| 461 | |t Известия РАН. Серия физическая |f Российская академия наук (РАН) |d 1936- | ||
| 463 | |t Т. 80, № 11 |v [С. 1483-1487] |d 2016 | ||
| 610 | 1 | |a электронный ресурс | |
| 610 | 1 | |a труды учёных ТПУ | |
| 610 | 1 | |a ультрадисперсные порошки | |
| 610 | 1 | |a криолит | |
| 610 | 1 | |a высокохромистые чугуны | |
| 701 | 1 | |a Зыкова |b А. П. |c физик |c старший преподаватель, инженер-исследователь Томского политехнического университета, кандидат физико-математических наук |f 1984- |g Анна Петровна |3 (RuTPU)RU\TPU\pers\28586 |9 13405 | |
| 701 | 1 | |a Попова |b Н. Н. |g Наталья Николаевна | |
| 701 | 1 | |a Никоненко |b Е. Л. |c физик |c доцент Томского политехнического университета, кандидат физико-математических наук |f 1962- |g Елена Леонидовна |3 (RuTPU)RU\TPU\pers\35777 |9 18934 | |
| 701 | 1 | |a Курзина |b И. А. |c химик |c доцент Томского политехнического университета, кандидат химических наук |f 1972- |g Ирина Александровна |3 (RuTPU)RU\TPU\pers\30829 |9 15076 | |
| 712 | 0 | 2 | |a Национальный исследовательский Томский политехнический университет |b Институт международного образования и языковой коммуникации |b Кафедра междисциплинарная |3 (RuTPU)RU\TPU\col\19012 |9 27304 |
| 801 | 2 | |a RU |b 63413507 |c 20170207 |g RCR | |
| 856 | 4 | |u http://dx.doi.org/10.7868/S0367676516110351 | |
| 942 | |c CF | ||